| 000 | 01134cam a22003737a 4500 | ||
|---|---|---|---|
| 003 | CHAP | ||
| 005 | 20220817043229.0 | ||
| 008 | 971013s1989 r 00010 d | ||
| 010 | _a69114 | ||
| 011 | _a70086 | ||
| 035 | _a79566 | ||
| 040 | _cCHAP | ||
| 082 |
_a338.17 _bF42f |
||
| 110 | _aFAO | ||
| 245 | 0 |
_aGenie agricole et developpement _b: techniques d' entreposage |
|
| 260 |
_aRome : _bFAO, _c1989 |
||
| 300 | _a126 p. ilus. | ||
| 410 | _aFAO | ||
| 490 | 0 |
_aFAO. Servicios agrícolas _v; 74 |
|
| 590 |
_aBATCH-UPD _b10 _c20130110 _lUCH01 _h0648 |
||
| 590 |
_aBATCH-UPD _b10 _c20130410 _lUCH01 _h0333 |
||
| 590 |
_aBATCH-UPD _b10 _c20130914 _lUCH01 _h0914 |
||
| 590 |
_aCONVERSION _b10 _c20130109 _lUCH01 _h1338 |
||
| 650 | 1 | 4 |
_aCereales _xAlmacenamiento _xPlagas. _921378 |
| 650 | 1 | 4 |
_aProductos agrícolas _xAlmacenamiento. _991897 |
| 650 | 1 | 4 |
_aSilos _xDiseños y planos. _9105966 |
| 700 | 0 |
_aCruz, J. F. _929646 |
|
| 700 | 0 |
_aDiop, A. _932649 |
|
| 810 | 0 | _aFAO | |
| 830 | 0 | 0 |
_aFAO. Servicios agrícolas _v; 74 _939697 |
| 901 | _aBK | ||
| 942 | _cLIBRO | ||
| 949 |
_a338.17 F42f _bBC _cFAO _d-32455 _eFAO1 _h75756 _i79566 _mD _si |
||
| 999 |
_c69114 _d69114 |
||